LEADER 01340cam0-2200349---450- 001 990005268140403321 005 20150107085135.0 010 $a2-251-69105-7 035 $a000526814 035 $aFED01000526814 035 $a(Aleph)000526814FED01 035 $a000526814 100 $a19990604d1979----km-y0itay50------ba 101 0 $amul 105 $af-------101yy 200 1 $aActes du 7e Congrès international d'épigraphie grecque et latine$eConstantza, 9-15 septembre 1977$fréunis et présentés par D. M. Pippidi 210 $aBucuresti$cEditura Academici$aParis$cLes Belles Lettres$d1979 215 $a510 p., [7] c. di tav.$cill.$d25 cm 304 $aIn testa al front.: Académie des Sciences Sociales et Politiques de la République Socialiste de Roumanie, Institut d'Archeologie de Bucarest 610 0 $aEpigrafia greca 610 0 $aEpigrafia latina 676 $a481.1 676 $a471.1 702 1$aPippidi,$bDenis M. 710 12$aCongrès international d'épigraphie grecque et latine$d<7.$f1977 ;$eCostantza>$0494875 801 0$aIT$bUNINA$gRICA$2UNIMARC 901 $aBK 912 $a990005268140403321 952 $aP2E-CONSTANTZA-CIEGL7-1977$bIst.St.Ant.gr.rom. 3601$fFLFBC 959 $aFLFBC 996 $aActes du 7e Congrès international d'épigraphie grecque et latine$9538301 997 $aUNINA LEADER 01685nam 2200457 450 001 9910825662103321 005 20200520144314.0 010 $a1-4232-2134-6 035 $a(CKB)3710000001404166 035 $a(MiAaPQ)EBC4877095 035 $a(Au-PeEL)EBL4877095 035 $a(CaPaEBR)ebr11397745 035 $a(OCoLC)990549995 035 $a(BIP)045913651 035 $a(EXLCZ)993710000001404166 100 $a20190123d2013 uy 0 101 0 $aeng 135 $aurcnu|||||||| 181 $ctxt$2rdacontent 182 $cc$2rdamedia 183 $acr$2rdacarrier 200 00$aAccounting 1 210 1$a[Place of publication not identified] :$cBarCharts, Inc.,$d[2013] 215 $a1 online resource (6 pages) 225 1 $aQuick Study Business 311 $a1-4232-2150-8 330 8 $aWe've taken our popular Accounting 1 guide and made it even better Updated content and an additional panel of information not only make this an essential companion for students in introductory accounting courses, but also a refresher for those in higher level courses. In this edition you will find more coverage of the subject including expanded sections on financial statements and accounting in business, making this a study tool you won't want to be without 410 0$aQuickStudy business. 606 $aAccounting$vOutlines, syllabi, etc 610 $aACCOUNTING 610 $aBUSINESS & ECONOMICS 615 0$aAccounting 676 $a657 700 $aGriffin$b Michael P.$08638 801 0$bMiAaPQ 801 1$bMiAaPQ 801 2$bMiAaPQ 906 $aBOOK 912 $a9910825662103321 996 $aAccounting 1$94016342 997 $aUNINA